书目信息 |
| 题名: |
数据与事实检索
|
|
| 作者: | 刘彩娥 编著 | |
| 分册: | ||
| 出版信息: | 北京 科学出版社 2013 |
|
| 页数: | 187页 | |
| 开本: | 24cm | |
| 丛书名: | ||
| 单 册: | ||
| 中图分类: | G254.9 | |
| 科图分类: | ||
| 主题词: | 信息检索--硕士生--教材 | |
| 电子资源: | ||
| ISBN: | 978-7-03-037558-2 | |
| 000 | 01004nam0 2200241 450 | |
| 001 | 351966 | |
| 005 | 20161017111150.33 | |
| 010 | @a978-7-03-037558-2@dCNY48.00 | |
| 100 | @a20130808d2013 em y0chiy50 ea | |
| 101 | 0 | @achi |
| 102 | @aCN@b110000 | |
| 105 | @ay z 000yy | |
| 106 | @ar | |
| 200 | 1 | @a数据与事实检索@f刘彩娥编著 |
| 210 | @a北京@c科学出版社@d2013 | |
| 215 | @a187页@d24cm | |
| 300 | @a北京工业大学研究生创新教育系列教材 | |
| 330 | @a本书分析了数据与事实检索的范围与特点,介绍了用于数据与事实检索的信息源,对数据与事实检索的方法、思路进行了归纳总结,并对各种信息源的内容、收录范围以及在检索实践中的具体应用进行了介绍与分析,突出了科技方面的内容。全书共7章,包括中英文参考工具书的分布与应用、用于数据与事实检索的网络数据库、Internet资源及其利用、各种类型的专题检索等内容。最后,介绍了50个典型的数据与事实检索的应用实例。 | |
| 606 | 0 | @a信息检索@x硕士生@j教材 |
| 690 | @aG254.9@v5 | |
| 701 | 0 | @a刘彩娥@4编著 |
| 801 | 0 | @aCN@bTANGWEI@c20161010 |
| 905 | @b0897410-4@dG254.9@e127@f5 | |
| 数据与事实检索/刘彩娥编著.-北京:科学出版社,2013 |
| 187页;24cm |
| 北京工业大学研究生创新教育系列教材 |
| ISBN 978-7-03-037558-2:CNY48.00 |
| 本书分析了数据与事实检索的范围与特点,介绍了用于数据与事实检索的信息源,对数据与事实检索的方法、思路进行了归纳总结,并对各种信息源的内容、收录范围以及在检索实践中的具体应用进行了介绍与分析,突出了科技方面的内容。全书共7章,包括中英文参考工具书的分布与应用、用于数据与事实检索的网络数据库、Internet资源及其利用、各种类型的专题检索等内容。最后,介绍了50个典型的数据与事实检索的应用实例。 |
| ● |
| 相关链接 |
|
|
|
|
正题名:数据与事实检索
索取号:G254.9/127
 
预约/预借
| 序号 | 登录号 | 条形码 | 馆藏地/架位号 | 状态 | 备注 |
| 1 | 0897410 | 208974109 | 第一样本阅览室/ [索取号:G254.9/127] | 在馆 | |
| 2 | 0897411 | 208974118 | 第四借阅区/ [索取号:G254.9/127] | 在馆 | |
| 3 | 0897412 | 208974127 | 第四借阅区/ [索取号:G254.9/127] | 在馆 | |
| 4 | 0897413 | 208974136 | 第四借阅区/ [索取号:G254.9/127] | 在馆 | |
| 5 | 0897414 | 208974145 | 第四借阅区/ [索取号:G254.9/127] | 在馆 |